| 000 | 00696nam a22002057a 4500 | ||
|---|---|---|---|
| 003 | OSt | ||
| 008 | 230801b |||||||| |||| 00| 0 eng d | ||
| 020 | _a0915811375 | ||
| 020 | _a9780915811373 | ||
| 050 |
_aRZ403.S56 _bS55 1989 |
||
| 100 |
_aSilva, José, _d1914 |
||
| 245 |
_aYou the healer : _bthe world-famous Silva method on how to heal yourself and others/ _cJosé Silva, Robert B. Stone |
||
| 260 |
_a Novato, Calif., : _bNew World Library, _c©1989 |
||
| 300 |
_a x, 263 p. : _bill. ; _c22 cm |
||
| 650 | _aMental healing | ||
| 650 | _aSilva Mind Control | ||
| 650 | _aSelf-care, Health | ||
| 700 | _aStone, Robert B. | ||
| 942 |
_2lcc _hRZ403.S56S55 1989 _cBOOK |
||
| 999 |
_c31814 _d31814 |
||